|
|
|
|
| LEADER |
00000cam a2200000 4500 |
| 001 |
vtls011980758 |
| 003 |
SK-MaSNL |
| 005 |
20260426003710.0 |
| 008 |
210624s2020 xo a frn 000 0 slo |
| 015 |
|
|
|a SNBA2020/08
|
| 020 |
|
|
|a 9788022349246
|q (brožované)
|
| 035 |
|
|
|a urn:nbn:sk:snk-am00ee41
|
| 035 |
|
|
|a urn:nbn:sk:snk-am3ihee
|
| 035 |
|
|
|a 6AD22C1F-8D79-4993-8CEA-E64AB52BD604
|
| 040 |
|
|
|a SNK
|b slo
|c SNK
|e rda
|
| 041 |
0 |
|
|a slo
|
| 043 |
|
|
|a e-xo---
|
| 044 |
|
|
|a xo
|c SK
|
| 072 |
|
7 |
|a 35
|x Verejná správa
|2 konspekt
|
| 072 |
|
7 |
|a 352/354
|x Stupne miestnej, oblastnej a ústrednej správy
|2 konspekt
|
| 080 |
|
|
|a 35
|2 2011
|
| 080 |
|
|
|a 330.341.1
|2 2011
|
| 080 |
|
|
|a (437.6)
|2 2011
|
| 080 |
|
|
|a 352
|2 2011
|
| 080 |
|
|
|a (048.8)
|2 2011
|
| 100 |
1 |
|
|a Sloboda, Matúš,
|d 1988-
|4 aut
|9 199269
|
| 245 |
1 |
0 |
|a Chytré spravovanie samopráv
|b nová paradigma modernizácie verejnej správy a slovenská prax
|c Matúš Sloboda, Patrik Pavlovský, Emília Syčáková-Beblavá
|
| 264 |
|
1 |
|a Bratislava
|b Univerzita Komenského v Bratislave
|c 2020
|
| 300 |
|
|
|a 168 strán
|b ilustrácie, tabuľky
|c 21 cm
|
| 336 |
|
|
|a text
|b txt
|2 rdacontent
|
| 337 |
|
|
|a bez média
|b n
|2 rdamedia
|
| 338 |
|
|
|a zväzok
|b nc
|2 rdacarrier
|
| 500 |
|
|
|a Obsahuje stručné biografické údaje o autoroch publikácie na strane 167-168
|
| 500 |
|
|
|a Obsahuje zoznam rámčekov na strane 5 ; zoznam obrázkov na strane 6 ; zoznam tabuliek na strane 7
|
| 504 |
|
|
|a Obsahuje bibliografiu na strane 153-166 ; bibliografické odkazy
|
| 650 |
0 |
7 |
|a verejná správa
|2 SNKPH
|9 1538
|
| 650 |
0 |
7 |
|a inovácie
|2 SNKPH
|9 2291
|
| 650 |
0 |
7 |
|a Public administration
|2 SNKPHeng
|9 266247
|
| 650 |
0 |
7 |
|a Innovations
|2 SNKPHeng
|9 74114
|
| 650 |
0 |
7 |
|a obce
|2 SNKPH
|9 2935
|
| 650 |
0 |
7 |
|a Community
|2 SNKPHeng
|9 335947
|
| 650 |
0 |
7 |
|a miestna správa
|2 SNKPH
|9 29496
|
| 650 |
0 |
7 |
|a Local government
|2 SNKPHeng
|9 275833
|
| 651 |
|
7 |
|a Slovensko
|2 SNKPHgeo
|9 14231
|
| 651 |
|
7 |
|a Slovakia
|2 SNKPHeng
|9 92630
|
| 655 |
|
7 |
|a monografie
|2 SNKPH
|9 70139
|
| 655 |
|
7 |
|a Monographs
|2 SNKPHeng
|9 120675
|
| 700 |
1 |
|
|a Pavlovský, Patrik,
|d 1992-
|4 aut
|9 402288
|
| 700 |
1 |
|
|a Sičáková-Beblavá, Emília,
|d 1975-
|4 aut
|9 223301
|
| 919 |
|
|
|a 978-80-223-4924-6
|
| 958 |
|
|
|a NB
|
| 999 |
|
|
|c 952452
|d 954382
|
| 952 |
|
|
|a SNK
|b SNK
|y PREZ
|7 0
|p 17A1429404
|o snkSC 189712
|i snk2020/14116
|8 0
|0 0
|1 0
|4 0
|d 2020-08-11
|f 1
|l 0
|r 2025-10-07 00:00:00
|w 2026-02-24
|
| 952 |
|
|
|a SNK
|b SNK
|y VYP
|7 0
|p 17A1429405
|o snkSC 189712 D1
|i snk2020/14117
|8 0
|0 0
|1 0
|4 0
|d 2020-08-11
|l 0
|r 2026-02-24 09:53:07
|w 2026-02-24
|